000 00841nam a22002297a 4500
003 UA-OsUOA
001 48552
007 ta
008 20130602b un ||||| |||| 00| 0 ukr d
090 _a082
_bН34
942 _cBK
040 _aUA-OsUOA
_bukr
_cUA-OsUOA
_dUA-OsUOA
245 _aНауковий збірник Чернівецького університету: Збірник наукових праць
_bВип. 173-174
_cІсторія. Політичні науки. Міжнародні відносини
300 _a471 с.
955 _a1
041 _aukr
080 _a082
260 _aЧернівці
_bРута
_c2003
650 7 _a08 Видання. Колективні праці
_2UDC
999 _c428656
_d428656